000 00301nam a22001337a 4500
008 170316b xxu||||| |||| 00| 0 eng d
020 _a9780444535023
041 _aeng
080 _a616.8
100 _a7
101 _ashm
245 _aHANDBOOK OF CLINICAL NEUROLOGY
_cAMINOFF, M.J
942 _2udc
_cBK
999 _c7975
_d7975